S04-0 駅名クイズ - JR西日本 ver. - Statistics

General Stats
  • This quiz has been taken 805 times
    153 since last reset
  • The average score is 405 of 1313
Answer Stats
Number Answer % Correct
| A46 | F02 新大阪
94%
| A85 姫路
92%
| L01 | M01 | +5 others 岡山
90%
| A01 | B08 敦賀
90%
A47 | F01 | G47 | O11 大阪
90%
90%
| A74 西明石
86%
金沢
86%
A12 米原
86%
A31 | B31 | D01 | E01 京都
86%
Y17
86%
相生
84%
| B01 | G01 | +3 others 広島
84%
新山口
84%
A29 大津
84%
A49 | G49 | H49 尼崎
84%
新神戸
82%
| W07 新倉敷
82%
博多
80%
| D21 | Q36 奈良
80%
Y06
80%
| W14 | X14 福山
78%
富山
78%
福井
78%
A03 | B10 近江塩津
78%
A13 彦根
78%
A52 西宮
78%
A63 神戸
78%
A73 明石
78%
徳山
76%
新下関
76%
小倉
76%
| A24 草津
76%
A38 高槻
76%
A41 茨木
76%
A44 吹田
76%
A61 三ノ宮
76%
| A79 加古川
76%
O01 | Q20 | R20 天王寺
76%
東広島
75%
厚狭
75%
A30 | B30 山科
75%
V05 | W05 倉敷
75%
A09 長浜
73%
A19 近江八幡
73%
A21 野洲
73%
A28 膳所
73%
| A64 兵庫
73%
H41 | O08 京橋
73%
O12 福島
73%
O14 | P14 西九条
73%
| G16 | X20 | Y31 三原
71%
A25 南草津
71%
A54 芦屋
71%
A60
71%
O04 鶴橋
71%
O07 大阪城公園
71%
| R54 和歌山
71%
新岩国
69%
A14 南彦根
69%
A37 島本
69%
A48 | G48 塚本
69%
A62 元町
69%
A68 須磨
69%
博多南
69%
69%
新尾道
67%
A18 安土
67%
A34 向日町
67%
網干
67%
下関
67%
O19 | Q19 新今宮
67%
S47 関西空港
67%
播州赤穂
67%
上越妙高
65%
新高岡
65%
A17 能登川
65%
A23 栗東
65%
A27 石山
65%
A35 長岡京
65%
A45 東淀川
65%
上郡
65%
O13 野田
65%
O18 | Q18 今宮
65%
G56 宝塚
65%
R45 | S45 日根野
65%
A40 JR総持寺
65%
糸魚川
63%
加賀温泉
63%
B24 小野
63%
| E16 園部
63%
福知山
63%
D19 | H18 | Q38 木津
63%
O16 大正
63%
| Q39 加茂
63%
S46 りんくうタウン
63%
A22 守山
61%
A33 桂川
61%
A36 山崎
61%
A65 新長田
61%
A67 須磨海浜公園
61%
A70 垂水
61%
A75 大久保
61%
A82 ひめじ別所
61%
英賀保
61%
X18 尾道
61%
| R16 岩国
61%
宇部
61%
B29 大津京
61%
O15 弁天町
61%
P17 桜島
61%
F15 | Q24 久宝寺
61%
小松
59%
越前たけふ
59%
A02 | B09 新疋田
59%
A26 瀬田
59%
A57 住吉
59%
A71 舞子
59%
A78 東加古川
59%
小野田
59%
和田岬
59%
B14 近江今津
59%
O10 天満
59%
| Q31 王寺
59%
F08 | H39 放出
59%
| V18 新見
59%
芦原温泉
57%
A32 西大路
57%
A51 甲子園口
57%
A58 六甲道
57%
A84 東姫路
57%
はりま勝原
57%
B26 おごと温泉
57%
E04 二条
57%
E11 亀岡
57%
O17 芦原橋
57%
P16 ユニバーサルシティ
57%
G61 三田
57%
L15 宇野
57%
Y14
57%
黒部宇奈月温泉
55%
手柄山平和公園
55%
有年
55%
G04 | Y04 海田市
55%
B19 近江舞子
55%
B25 堅田
55%
鳥取
55%
出雲市
55%
柘植
55%
D20 | Q37 平城山
55%
O09 桜ノ宮
55%
P15 安治川口
55%
G62 新三田
55%
H44 北新地
55%
山口
55%
N04 | S04 東岡山
53%
B12 マキノ
53%
松江
53%
D09 宇治
53%
O02 寺田町
53%
O05 玉造
53%
O06 森ノ宮
53%
七尾
53%
千里
53%
津山
53%
Q17 JR難波
53%
A08 虎姫
51%
A10 田村
51%
A39 摂津富田
51%
A50 立花
51%
A53 さくら夙川
51%
A72 朝霧
51%
G17 | X19 糸崎
51%
G14 河内
51%
G10 西条
51%
G07 瀬野
51%
R10 宮島口
51%
E08 嵯峨嵐山
51%
和田山
51%
城崎温泉
51%
米子
51%
O03 桃谷
51%
G52 伊丹
51%
| R33
51%
高岡
51%
川西
51%
A04 余呉
49%
A59 摩耶
49%
R04 西広島
49%
R07 廿日市
49%
E02 梅小路京都西
49%
E09 保津峡
49%
仙崎
49%
Q34 郡山
49%
H42 大阪城北詰
49%
R51 紀伊
49%
東羽衣
49%
東舞鶴
49%
氷見
49%
佐用
49%
境港
49%
A11 坂田
47%
A42 千里丘
47%
A66 鷹取
47%
竜野
47%
G08 八本松
47%
B02 | R02 新白島
47%
B03 | R03 横川
47%
47%
幡生
47%
B27 比叡山坂本
47%
益田
47%
甲南
47%
D02 東福寺
47%
G50 塚口
47%
G54 川西池田
47%
G69 篠山口
47%
Q32 法隆寺
47%
H26 松井山手
47%
H34 四条畷
47%
新宮
47%
和歌山市
47%
L08 | M08 茶屋町
47%
M12 児島
47%
宇部新川
47%
和倉温泉
47%
A06 高月
45%
A43 岸辺
45%
A55 甲南山手
45%
A56 摂津本山
45%
A77 土山
45%
A80 宝殿
45%
A81 曽根
45%
S09 和気
45%
S06 瀬戸
45%
綾部
45%
豊岡
45%
D03 稲荷
45%
H24 京田辺
45%
R28 堺市
45%
小浜
45%
城端
45%
桜井
45%
西舞鶴
45%
B14 可部
45%
亀山
45%
A05 木ノ本
43%
A15 河瀬
43%
柳井
43%
長門市
43%
D12 城陽
43%
谷川
43%
Q27 柏原
43%
H23 同志社前
43%
R29 三国ケ丘
43%
白浜
43%
U10 | V07 総社
43%
猪谷
43%
天理
43%
高田
43%
津和野
43%
A16 稲枝
41%
A69 塩屋
41%
A83 御着
41%
W08 金光
41%
W11 笠岡
41%
W13 東福山
41%
X17 東尾道
41%
G02 | Y02 天神川
41%
R06 五日市
41%
R14 大竹
41%
R15 和木
41%
南岩国
41%
香住
41%
浜田
41%
41%
貴生川
41%
柏原
41%
H20 祝園
41%
海南
41%
播磨新宮
41%
備後落合
41%
府中
41%
長門本山
41%
A76 魚住
39%
N02 | S02 西川原・就実
39%
G03 | Y03 向洋
39%
E05 円町
39%
E07 太秦
39%
浜坂
39%
鳥取大学前
39%
倉吉
39%
伯耆大山
39%
宍道
39%
G58 西宮名塩
39%
Q25 八尾
39%
H36 住道
39%
F07 | H40 鴫野
39%
御坊
39%
備中神代
39%
九頭竜湖
39%
津幡
39%
南小谷
39%
寺前
39%
新井
39%
三次
39%
A20 篠原
37%
S11 三石
37%
G12 白市
37%
櫛ケ浜
37%
B23 和邇
37%
E10 馬堀
37%
西出雲
37%
大田市
37%
東萩
37%
H27 長尾
37%
H48 加島
37%
R24 長居
37%
R48 和泉砂川
37%
紀伊田辺
37%
V12 備中高梁
37%
粟生
37%
西相生
37%
A07 河毛
35%
G05 安芸中野
35%
R12 大野浦
35%
下松
35%
B11 永原
35%
B17 近江高島
35%
E03 丹波口
35%
35%
D06 六地蔵
35%
G51 猪名寺
35%
G53 北伊丹
35%
F03 南吹田
35%
R44 熊取
35%
R49 和泉鳥取
35%
紀伊勝浦
35%
串本
35%
L04 | M04 妹尾
35%
羽咋
35%
雨晴
35%
橋本
35%
日本へそ公園
35%
福崎
35%
N06 西大寺
35%
東城
35%
B16 あき亀山
35%
雀田
35%
伊賀上野
35%
R05 新井口
33%
R08 宮内串戸
33%
R11 前空
33%
防府
33%
養父
33%
玄武洞
33%
D05 桃山
33%
R39 下松
33%
高松
33%
越中八尾
33%
京終
33%
西脇市
33%
上月
33%
坂越
33%
N15 日生
33%
F04 JR淡路
33%
S07 万富
31%
G06 中野東
31%
由宇
31%
新南陽
31%
八鹿
31%
餘部
31%
江津
31%
Q23 加美
31%
R21 美章園
31%
R37 和泉府中
31%
Y25 竹原
31%
五条
31%
東津山
31%
中国勝山
31%
N13 備前片上
31%
U06 備中高松
31%
智頭
31%
F06 JR野江
31%
S10 吉永
29%
S08 熊山
29%
V02 | W02 北長瀬
29%
V03 | W03 庭瀬
29%
X16 松永
29%
G09 寺家
29%
柳井港
29%
田布施
29%
E06 花園
29%
胡麻
29%
安来
29%
G59 武田尾
29%
G60 道場
29%
Q22 平野
29%
H45 新福島
29%
H46 海老江
29%
R26 杉本町
29%
湯浅
29%
Y16 新広
29%
西敦賀
29%
越前花堂
29%
北小谷
29%
畝傍
29%
生野
29%
塩町
29%
木次
29%
D04 JR藤森
29%
| S05 上道
27%
N03 | S03 高島
27%
W12 大門
27%
G15 本郷
27%
G11 西高屋
27%
R09 阿品
27%
R13 玖波
27%
温泉津
27%
D08 黄檗
27%
G57 生瀬
27%
Q33 大和小泉
27%
R50 山中渓
27%
R52 六十谷
27%
紀三井寺
27%
紀和
27%
L06 | M06 早島
27%
美祢
27%
越前大野
27%
砺波
27%
厄神
27%
余部
27%
本竜野
27%
備後庄原
27%
月ケ瀬口
27%
W09 鴨方
25%
W10 里庄
25%
X15 備後赤坂
25%
G13 入野
25%
小月
25%
B13 近江中庄
25%
B16 安曇川
25%
B21 志賀
25%
B28 唐崎
25%
高津
25%
玉造温泉
25%
D18 上狛
25%
G55 中山寺
25%
H19 西木津
25%
H38 徳庵
25%
H43 大阪天満宮
25%
H47 御幣島
25%
F13 衣摺加美北
25%
R53 紀伊中ノ島
25%
周参見
25%
根雨
25%
Y09 呉ポートピア
25%
速星
25%
25%
法界院
25%
出雲横田
25%
B08 大町
25%
D10 JR小倉
25%
F10 JR河内永和
25%
V04 | W04 中庄
24%
W06 西阿知
24%
大畠
24%
B15 新旭
24%
B20 比良
24%
B22 蓬萊
24%
上夜久野
24%
岩美
24%
東松江
24%
特牛
24%
D14 山城青谷
24%
D15 山城多賀
24%
黒井
24%
Q30 三郷
24%
Q21 東部市場前
24%
H21 下狛
24%
R25 我孫子町
24%
R27 浅香
24%
箕島
24%
居能
24%
一乗谷
24%
中津幡
24%
N09 長船
24%
P09 狩留家
24%
P08 上深川
24%
P06 下深川
24%
米子空港
24%
B09 緑井
24%
湯田温泉
24%
笠置
24%
藤生
22%
厚東
22%
B18 北小松
22%
鍼灸大学前
22%
下夜久野
22%
竹野
22%
三保三隅
22%
小串
22%
手原
22%
D11 新田
22%
D16 玉水
22%
Q29 河内堅上
22%
Q28 高井田
22%
H32 寝屋川公園
22%
H37 鴻池新田
22%
F05 城北公園通
22%
F14 新加美
22%
R23 鶴ケ丘
22%
R40 東岸和田
22%
朝来
22%
広川ビーチ
22%
L02 | M02 大元
22%
V06 清音
22%
布原
22%
生山
22%
Y05 矢野
22%
宝達
22%
三輪
22%
吉野口
22%
粉河
22%
岩出
22%
N16 寒河
22%
郡家
22%
西岩国
22%
加太
22%
大河原
22%
H22 JR三山木
22%
F11 JR俊徳道
22%
F12 JR長瀬
22%
神代
20%
嘉川
20%
長府
20%
国府
20%
由良
20%
大山口
20%
出雲神西
20%
長門三隅
20%
G64 相野
20%
G67 古市
20%
Q26 志紀
20%
H30 河内磐船
20%
太地
20%
印南
20%
藤並
20%
美浜
20%
東小浜
20%
本津幡
20%
南羽咋
20%
20%
西富山
20%
櫟本
20%
刑部
20%
京口
20%
竹田
20%
小野田港
20%
JR五位堂
20%
岩田
18%
島田
18%
戸田
18%
大道
18%
四辻
18%
本由良
18%
E13 千代川
18%
E14 八木
18%
石原
18%
東山公園
18%
乃木
18%
荘原
18%
下府
18%
川棚温泉
18%
綾羅木
18%
油日
18%
D07 木幡
18%
G65 藍本
18%
H31 星田
18%
F09 高井田中央
18%
L03 | M03 備前西市
18%
V08 豪渓
18%
宇野気
18%
福光
18%
婦中鵜坂
18%
中土
18%
姫川
18%
香久山
18%
市場
18%
三日月
18%
仁豊野
18%
備前福河
18%
亀甲
18%
津山口
18%
八次
18%
志和口
18%
P07 中深川
18%
P02 矢賀
18%
神辺
18%
B15 河戸帆待川
18%
通津
16%
富海
16%
E12 並河
16%
日吉
16%
上川口
16%
江原
16%
居組
16%
湖山
16%
赤碕
16%
直江
16%
江南
16%
小田
16%
波子
16%
西浜田
16%
人丸
16%
滝部
16%
甲賀
16%
石部
16%
丹波大山
16%
丹波竹田
16%
R30 百舌鳥
16%
R31 上野芝
16%
R41 東貝塚
16%
那智
16%
南部
16%
M09 植松
16%
上石見
16%
Y28 忠海
16%
Y21 安浦
16%
Y15 安芸阿賀
16%
Y11 かるが浜
16%
Y10 天応
16%
三方
16%
上中
16%
美山
16%
北大野
16%
福野
16%
能町
16%
伏木
16%
帯解
16%
金橋
16%
青野ケ原
16%
新西脇
16%
黒田庄
16%
播磨高岡
16%
東觜崎
16%
美作江見
16%
勝間田
16%
砥堀
16%
天和
16%
N12 西片上
16%
N11 伊部
16%
備後西城
16%
P05 玖村
16%
P04 安芸矢口
16%
P03 戸坂
16%
高野
16%
後藤
16%
出雲坂根
16%
B11 梅林
16%
勝間
16%
青野山
16%
南小野田
16%
新堂
16%
佐那具
16%
島ケ原
16%
埴生
14%
E15 吉富
14%
久谷
14%
福部
14%
青谷
14%
浦安
14%
名和
14%
須佐
14%
奈古
14%
飯井
14%
阿川
14%
梅ケ峠
14%
梶栗郷台地
14%
寺庄
14%
三雲
14%
甲西
14%
D17 棚倉
14%
G63 広野
14%
石生
14%
H28 藤阪
14%
H29 津田
14%
H33 忍ケ丘
14%
R22 南田辺
14%
R35 北信太
14%
R36 信太山
14%
R42 和泉橋本
14%
R43 東佐野
14%
紀伊有田
14%
M11 上の町
14%
V16 井倉
14%
V17 石蟹
14%
江尾
14%
伯耆溝口
14%
草江
14%
宇部岬
14%
南大嶺
14%
若狭高浜
14%
勝原
14%
越前下山
14%
金丸
14%
徳田
14%
油田
14%
越中山田
14%
東八尾
14%
平岩
14%
小滝
14%
巻向
14%
香芝
14%
大和二見
14%
高野口
14%
笠田
14%
神野
14%
社町
14%
滝野
14%
太市
14%
播磨徳久
14%
美作土居
14%
西勝間田
14%
香呂
14%
溝口
14%
長谷
14%
N05 大多羅
14%
誕生寺
14%
U09 東総社
14%
駅家
14%
河原
14%
南宍道
14%
B05 安芸長束
14%
B13 中島
14%
欽明路
14%
宮野
14%
徳佐
14%
日原
14%
浜河内
14%
福川
12%
船岡
12%
和知
12%
安栖里
12%
立木
12%
梁瀬
12%
下北条
12%
御来屋
12%
淀江
12%
荒島
12%
揖屋
12%
馬路
12%
石見福光
12%
久代
12%
折居
12%
宇田郷
12%
木与
12%
長門大井
12%
玉江
12%
長門古市
12%
伊上
12%
G68 南矢代
12%
下滝
12%
H25 大住
12%
H35 野崎
12%
R32 津久野
12%
R46 長滝
12%
R47 新家
12%
古座
12%
紀伊姫
12%
紀伊日置
12%
椿
12%
芳養
12%
紀伊由良
12%
冷水浦
12%
黒江
12%
宮前
12%
L05 | M05 備中箕島
12%
L14 備前田井
12%
M10 木見
12%
足立
12%
新郷
12%
武庫
12%
岸本
12%
Y23 安芸津
12%
上嘉川
12%
阿知須
12%
岐波
12%
東美浜
12%
若狭本郷
12%
免田
12%
二塚
12%
戸出
12%
越中中川
12%
越中国分
12%
島尾
12%
頸城大野
12%
柳本
12%
御所
12%
西笠田
12%
小野町
12%
久下村
12%
千本
12%
久世
12%
梅迫
12%
野里
12%
甘地
12%
N14 伊里
12%
金川
12%
道後山
12%
比婆山
12%
井原市
12%
上下
12%
那岐
12%
美作加茂
12%
富士見町
12%
大篠津町
12%
亀嵩
12%
B04 三滝
12%
B06 下祇園
12%
B07 古市橋
12%
周防花岡
12%
下山
10%
山家
10%
佐津
10%
柴山
10%
東浜
10%
浜村
10%
松崎
10%
下市
10%
来待
10%
五十猛
10%
仁万
10%
浅利
10%
都野津
10%
敬川
10%
岡見
10%
鎌手
10%
石見津田
10%
戸田小浜
10%
飯浦
10%
江崎
10%
越ケ浜
10%
三見
10%
宇賀本郷
10%
湯玉
10%
黒井村
10%
吉見
10%
D13 長池
10%
市島
10%
R34 富木
10%
紀伊内原
10%
加茂郷
10%
L07 | M07 久々原
10%
V09 日羽
10%
V10 美袋
10%
V11 備中広瀬
10%
V13 木野山
10%
V14 備中川面
10%
上菅
10%
黒坂
10%
Y29 安芸幸崎
10%
Y12 吉浦
10%
Y07 水尻
10%
常盤
10%
湯ノ峠
10%
藤井
10%
加斗
10%
若狭和田
10%
松尾寺
10%
足羽
10%
越前薬師
10%
下唯野
10%
能登部
10%
良川
10%
能登二宮
10%
高儀
10%
東石黒
10%
楡原
10%
根知
10%
畠田
10%
大谷
10%
打田
10%
田井ノ瀬
10%
日岡
10%
本黒田
10%
西栗栖
10%
美作大崎
10%
美作千代
10%
美作追分
10%
美作落合
10%
月田
10%
丹治部
10%
岩山
10%
新野
10%
青倉
10%
N10 香登
10%
N08 邑久
10%
神目
10%
弓削
10%
U02 備前三門
10%
小奴可
10%
西三次
10%
新市
10%
美作河井
10%
美作滝尾
10%
博労町
10%
出雲大東
10%
三井野原
10%
油木
10%
B10 七軒茶屋
10%
B12 上八木
10%
玖珂
10%
上山口
10%
青原
10%
諸寄
8%
大岩
8%
末恒
8%
宝木
8%
8%
八橋
8%
中山口
8%
田儀
8%
波根
8%
久手
8%
静間
8%
湯里
8%
黒松
8%
周布
8%
黄波戸
8%
長門粟野
8%
長門二見
8%
福江
8%
安岡
8%
G66 草野
8%
R38 久米田
8%
三輪崎
8%
宇久井
8%
紀伊天満
8%
湯川
8%
江住
8%
見老津
8%
岩代
8%
稲原
8%
紀伊宮原
8%
初島
8%
下津
8%
L10 備前片岡
8%
V15 方谷
8%
Y20 安登
8%
Y19 安芸川尻
8%
Y13 川原石
8%
Y08 小屋浦
8%
東新川
8%
岩鼻
8%
厚保
8%
於福
8%
長門湯本
8%
気山
8%
若狭有田
8%
青郷
8%
六条
8%
越前東郷
8%
越前高田
8%
市波
8%
小和清水
8%
越前大宮
8%
計石
8%
牛ケ原
8%
越前富田
8%
柿ケ島
8%
能瀬
8%
横山
8%
敷浪
8%
千路
8%
東野尻
8%
笹津
8%
志都美
8%
大和新庄
8%
河合西
8%
比延
8%
楢原
8%
林野
8%
富原
8%
淵垣
8%
真倉
8%
鶴居
8%
N07 大富
8%
備前原
8%
福渡
8%
U05 吉備津
8%
U08 服部
8%
野馳
8%
上川立
8%
吉田口
8%
向原
8%
上三田
8%
高木
8%
吉舎
8%
津ノ井
8%
用瀬
8%
三浦
8%
余子
8%
出雲三成
8%
周防高森
8%
高水
8%
生野屋
8%
上郷
8%
大歳
8%
仁保
8%
長門峡
8%
石見横田
8%
紀伊佐野
6%
下里
6%
紀伊浦神
6%
紀伊田原
6%
田並
6%
田子
6%
和深
6%
紀伊富田
6%
紀伊新庄
6%
切目
6%
和佐
6%
道成寺
6%
L09 彦崎
6%
L11 迫川
6%
L12 常山
6%
L13 八浜
6%
Y27 安芸長浜
6%
深溝
6%
周防佐山
6%
岩倉
6%
丸尾
6%
床波
6%
琴芝
6%
四郎ケ原
6%
重安
6%
板持
6%
粟野
6%
十村
6%
大鳥羽
6%
新平野
6%
勢浜
6%
三松
6%
越前田野
6%
長柄
6%
玉手
6%
掖上
6%
北宇智
6%
隅田
6%
中飯降
6%
妙寺
6%
紀伊長田
6%
下井阪
6%
紀伊小倉
6%
布施屋
6%
千旦
6%
船町口
6%
院庄
6%
坪井
6%
古見
6%
玉柏
6%
野々口
6%
建部
6%
小原
6%
佐良山
6%
U03 大安寺
6%
U04 備前一宮
6%
U07 足守
6%
坂根
6%
市岡
6%
矢神
6%
内名
6%
神杉
6%
甲立
6%
中三田
6%
白木山
6%
横尾
6%
万能倉
6%
上戸手
6%
鵜飼
6%
河佐
6%
備後三川
6%
備後矢野
6%
甲奴
6%
梶田
6%
三良坂
6%
東郡家
6%
国英
6%
鷹狩
6%
因幡社
6%
土師
6%
知和
6%
河崎口
6%
弓ケ浜
6%
加茂中
6%
南大東
6%
八川
6%
米川
6%
大河内
6%
周防久保
6%
周防下郷
6%
矢原
6%
地福
6%
東青原
6%
本俣賀
6%
Y30 須波
4%
Y26 大乗
4%
Y22 風早
4%
Y18 仁方
4%
渋木
4%
下兵庫
4%
紀伊山田
4%
牧山
4%
備後八幡
4%
平子
4%
山ノ内
4%
志和地
4%
備後本庄
4%
湯田村
4%
道上
4%
近田
4%
戸手
4%
下川辺
4%
中畑
4%
備後安田
4%
和田浜
4%
中浜
4%
高松町
4%
馬場崎町
4%
幡屋
4%
出雲八代
4%
柱野
4%
仁保津
4%
篠目
4%
渡川
4%
三谷
4%
名草
4%
船平山
4%
妻崎
4%
長門長沢
4%
南中川
4%
目出
4%
Y24 吉名
2%
名手
2%
船戸
2%
備後三日市
2%
七塚
2%
下和知
2%
三本松口
2%
日登
2%
下久野
2%
鍋倉
2%
No matching quizzes found
Score Distribution
Percent of People with Each Score
Percentile by Number Answered
Your Score History
You have not taken this quiz since the last reset